Foods beginning with T - Statistics

General Stats
  • This quiz has been taken 1,269 times
  • The average score is 8 of 15
Answer Stats
Hint Answer % Correct
A fruit largely mistaken for a vegetable Tomato
98%
Christmas dinner meat Turkey
88%
Mexican- tortilla rolled around filling Taco
76%
Orange Fruit Tangerine
73%
Italian dessert Tiramisu
72%
Herb Thyme
71%
Triangular prism shaped chocolate Toblerone
67%
Doritos Tortilla chips
62%
Fish Tuna
54%
Vegetable Turnip
49%
Method of cooking bread Toast
38%
Chocolates filled with soft substance Truffles
37%
Chocolate biscuit coming in pairs Twix
35%
Pastry with filling including sausages Toad in the Hole
11%
Sweet sticky sauce Treacle
11%
No matching quizzes found
Score Distribution
Percent of People with Each Score
Percentile by Number Answered
Your Score History
You have not taken this quiz